Score 0/15 Timer 03:00
1 Play Today
Contains Word % Correct
chhhitchhike
92.9%
ghchhighchair
89.5%
chshdachshund
77.9%
shhfishhook
70.2%
ghtheighth
68.3%
ghhroughhouse
58.6%
thwhworthwhile
53.7%
thhwithhold
53.6%
Contains Word % Correct
phthdiphthong
46%
shchpushchair
44.5%
chphcatchphrase
43.7%
chthichthyology
40.9%
shwhbushwhack
39.5%
thshearthshine
32.6%
ghshroughshod
28.9%

You're not logged in!

Compare scores with friends on all Sporcle quizzes.
OR
Log In

Sporcle TV

Today on Sporcle TV


Watch our educational content, quiz creation guides, and fun videos on Sporcle TV.

Show Comments

Extras

Top Quizzes Today


Score Distribution

Paid Content

Your Account Isn't Verified!

In order to create a playlist on Sporcle, you need to verify the email address you used during registration. Go to your Sporcle Settings to finish the process.

Report this User

Report this user for behavior that violates our Community Guidelines.

Details: